The Readers digest
محفوظ في:
| التنسيق: | كتاب |
|---|---|
| اللغة: | Undetermined |
| منشور في: |
Auckland, N.Z.
Reader's Digest (New Zealand) Ltd.
2018
|
| الموضوعات: | |
| الوسوم: |
إضافة وسم
لا توجد وسوم, كن أول من يضع وسما على هذه التسجيلة!
|
| Thư viện lưu trữ: | Trung tâm Học liệu Trường Đại học Cần Thơ |
|---|
| LEADER | 00480nam a2200157Ia 4500 | ||
|---|---|---|---|
| 001 | CTU_235304 | ||
| 008 | 210402s9999 xx 000 0 und d | ||
| 082 | |a 070 | ||
| 082 | |b R286 | ||
| 245 | 4 | |a The Readers digest | |
| 245 | 0 | |c Reader's Digest (New Zealand) Ltd. | |
| 260 | |a Auckland, N.Z. | ||
| 260 | |b Reader's Digest (New Zealand) Ltd. | ||
| 260 | |c 2018 | ||
| 650 | |a Xuất bản phẩm định kỳ,Periodicals | ||
| 980 | |a Trung tâm Học liệu Trường Đại học Cần Thơ | ||